El pentagonismo, sustituto del imperialismo / (Registro nro. 1451)

Detalles MARC
000 -CABECERA
campo de control de longitud fija 00615nam a22002057a 4500
003 - IDENTIFICADOR DEL NÚMERO DE CONTROL
campo de control OSt
005 - FECHA Y HORA DE LA ÚLTIMA TRANSACCIÓN
campo de control 20170801064014.0
008 - DATOS DE LONGITUD FIJA--INFORMACIÓN GENERAL
campo de control de longitud fija 170801b xxu||||| |||| 00| 0 esp d
020 ## - NÚMERO INTERNACIONAL ESTÁNDAR DEL LIBRO
Número Internacional Estándar del Libro 978-9945-8740-7-5
040 ## - FUENTE DE LA CATALOGACIÓN
Centro/agencia transcriptor RCAA
082 ## - NÚMERO DE LA CLASIFICACIÓN DECIMAL DEWEY
Número de clasificación RD P327.73
Número de documento/Ítem B742p 2012
100 ## - ENTRADA PRINCIPAL--NOMBRE DE PERSONA
Autor Personal Bosch, Juan
245 ## - MENCIÓN DE TÍTULO
Título El pentagonismo, sustituto del imperialismo /
Mención de responsabilidad, etc. Juan Bosch
260 ## - PUBLICACIÓN, DISTRIBUCIÓN, ETC.
Lugar de publicación, distribución, etc. Santo Domingo:
Nombre del editor, distribuidor, etc. Fundación Juan Bosch,
Fecha de publicación, distribución, etc. 2012
300 ## - DESCRIPCIÓN FÍSICA
Extensión 170 páginas
440 ## - MENCIÓN DE SERIE/PUNTO DE ACCESO ADICIONAL--TÍTULO
Título Colección Bosh para todos
650 ## - PUNTO DE ACCESO ADICIONAL DE MATERIA--TÉRMINO DE MATERIA
Término de materia o nombre geográfico como elemento de entrada Estados Unidos - Política militar
650 ## - PUNTO DE ACCESO ADICIONAL DE MATERIA--TÉRMINO DE MATERIA
Término de materia o nombre geográfico como elemento de entrada Estados Unidos - Relaciones exteriores
942 ## - ELEMENTOS DE PUNTO DE ACCESO ADICIONAL (KOHA)
Fuente del sistema de clasificación o colocación Dewey Decimal Classification
Tipo de ítem Koha Libros
Existencias
Estado de retiro Estado de pérdida Fuente del sistema de clasificación o colocación Estado dañado No para préstamo Código de colección Localización permanente Ubicación/localización actual Fecha de adquisición Número de inventario Total de préstamos Signatura topográfica completa Código de barras Fecha visto por última vez Número de copia Precio válido a partir de Tipo de ítem Koha
    Dewey Decimal Classification     Colección Dominicana SIBM UNADE - Biblioteca Sede Central SIBM UNADE - Biblioteca Sede Central 08/01/2017 16-00806   RD P327.73 B742p 2012 16-00806 10/06/2018 e.1 08/01/2017 Libros
    Dewey Decimal Classification     Colección Dominicana SIBM UNADE - Biblioteca Sede Central SIBM UNADE - Biblioteca Sede Central 08/01/2017 16-00807   RD P327.73 B742p 2012 16-00807 10/06/2018 e.2 08/01/2017 Libros
© Copyright 2016. Universidad Nacional para la Defensa.Todos los derechos reservados.

 

Designed & Maintained by: https://www.sibdweb.com.do
Sistema de Información & Bibliotecas (SIBD). Contact: pbrito2005@gmail.com